Estadísticas para Películas de Disney Pixar

Haz click aquí para intentar la prueba.

Estadísticas generales

  • Esta prueba ha sido intentada 117 veces
  • La puntuación promedio es 14 de 27

Estadísticas de respuestas

AñoPelícula% Correcto
1995Toy Story
99%
1999Toy Story 2
87%
2010Toy Story 3
87%
2006Cars
83%
2019Toy Story 4
82%
2011Cars 2
73%
2017Cars 3
71%
2015Del Revés
61%
2004Los Increibles
61%
2003Buscando a Nemo
56%
2008WALL·E
55%
2017Coco
53%
2018Los Increibles 2
53%
2009Up
53%
2001Monstruos SA
48%
2016Buscando a Dory
46%
2020Soul
44%
1998Bichos
41%
2021Luca
41%
2012Brave
37%
2007Ratatouille
37%
2022Red
36%
2013Monstruos University
35%
2023Elemental
33%
2020Onward
18%
2022Lightyear
15%
2015El Viaje de Arlo
10%

Distribución de puntuación

Porcentaje por número respondido

Porcentaje de gente con cada puntuación

Historial de tus puntuaciones

No has intentado esta prueba.